Normal view
MARC view
- Education in Cambodia
Entry Topical Term
001 - CONTROL NUMBER
- control field: 86738
003 - CONTROL NUMBER IDENTIFIER
- control field: OSt
005 - DATE AND TIME OF LATEST TRANSACTION
- control field: 20251008091656.0
008 - FIXED-LENGTH DATA ELEMENTS
- fixed length control field: 251008|| aca||aabn | a|a d
040 ## - CATALOGING SOURCE
- Original cataloging agency: OSt
- Transcribing agency: OSt
150 ## - HEADING--TOPICAL TERM
- Topical term or geographic name as entry element: Education in Cambodia
670 ## - SOURCE DATA FOUND
- Source citation: Work cat.: (OSt)49618: Ayres, David M. 86737, Anatomy of a crisis :, 2003.